Monster Hunter Wilds - Monstres - Statistiques

Statistiques générales
  • Ce quiz a été pris 283 fois
    54 depuis la dernière actualisation
  • Le résultat moyen est 26 sur 31
Statistiques - réponses
Par images Réponse % Correct
Rathalos
98%
Rathian
98%
Lagiacrus
96%
Mizutsune
93%
Arkveld
91%
Congalala
91%
Rey Dau
91%
Gore magala
87%
Gravios
84%
Rompopolo
84%
Blangonga
82%
Gogmazios
82%
Lala Barina
82%
Nerscylla
82%
Quematrice
82%
Rathalos Gardien
82%
Uth Duna
82%
Doshaguma
80%
Gypceros
80%
Nu Udra
80%
Zoh Shia
80%
Balahara
78%
Chatacabra
78%
Doshaguma Gardien
78%
Omega Planetes
78%
Ajarakan
76%
Jin Dahaad
76%
Yian Kut-Ku
76%
Anjanath tonnerre gardien
73%
Hirabami
73%
Odogaron désastre Gardien
73%
Aucun quiz correspondant
Distribution des résultats
% des personnes avec chaque résultat
Percentile par nombre de réponses
Votre historique - résultats
Vous n’avez pas pris ce quiz depuis la dernière actualisation